<?xml version="1.0" encoding="UTF-8"?>
<record
    xmlns:xsi="http://www.w3.org/2001/XMLSchema-instance"
    xsi:schemaLocation="http://www.loc.gov/MARC21/slim http://www.loc.gov/standards/marcxml/schema/MARC21slim.xsd"
    xmlns="http://www.loc.gov/MARC21/slim">

  <leader>01012nam a2200265 a 4500</leader>
  <controlfield tag="001">BRCA_8354</controlfield>
  <controlfield tag="005">20190320210239.0</controlfield>
  <controlfield tag="008">170714s1954----u--ad##f##---#001-0#eng-#</controlfield>
  <datafield tag="041" ind1=" " ind2=" ">
    <subfield code="a">eng</subfield>
  </datafield>
  <datafield tag="044" ind1=" " ind2=" ">
    <subfield code="a">u</subfield>
  </datafield>
  <datafield tag="050" ind1=" " ind2="4">
    <subfield code="a">HJ9</subfield>
    <subfield code="b">.O9 1954</subfield>
  </datafield>
  <datafield tag="245" ind1="1" ind2="0">
    <subfield code="a">Outlook for 1954</subfield>
    <subfield code="b">business: an upturn, when?, war: will it flare up again?, tax cuts: who will get them?, prices: are they headed down?, strikes: big ones in sight?</subfield>
    <subfield code="c">U.S. News &amp; World Report.</subfield>
  </datafield>
  <datafield tag="260" ind1=" " ind2=" ">
    <subfield code="a">Ohio, Estados Unidos</subfield>
    <subfield code="b">U.S. News &amp; W. R.</subfield>
    <subfield code="c">1954</subfield>
  </datafield>
  <datafield tag="300" ind1=" " ind2=" ">
    <subfield code="a">128 p.</subfield>
    <subfield code="b">il. (algunas a color), gr&#xE1;ficas</subfield>
    <subfield code="c">29 cm.</subfield>
  </datafield>
  <datafield tag="500" ind1=" " ind2=" ">
    <subfield code="a">U.S. News &amp; World Report Colection, January 1, 1954</subfield>
  </datafield>
  <datafield tag="500" ind1=" " ind2=" ">
    <subfield code="a">Publicaci&#xF3;n peri&#xF3;dica inventariada como libro por el Banco de M&#xE9;xico</subfield>
  </datafield>
  <datafield tag="500" ind1=" " ind2=" ">
    <subfield code="a">R91</subfield>
  </datafield>
  <datafield tag="650" ind1="1" ind2="4">
    <subfield code="a">Negocios</subfield>
    <subfield code="y">1954</subfield>
    <subfield code="9">20912</subfield>
  </datafield>
  <datafield tag="650" ind1="1" ind2="4">
    <subfield code="a">Condiciones econ&#xF3;micas</subfield>
    <subfield code="y">1954</subfield>
    <subfield code="9">20913</subfield>
  </datafield>
  <datafield tag="650" ind1="1" ind2="4">
    <subfield code="a">Econom&#xED;a</subfield>
    <subfield code="y">1954</subfield>
    <subfield code="9">20914</subfield>
  </datafield>
  <datafield tag="650" ind1="1" ind2="4">
    <subfield code="a">Finanzas</subfield>
    <subfield code="y">1954</subfield>
    <subfield code="9">20915</subfield>
  </datafield>
  <datafield tag="710" ind1="2" ind2=" ">
    <subfield code="a">U.S. News &amp; World Report</subfield>
    <subfield code="f">January 1, 1954</subfield>
    <subfield code="9">20916</subfield>
  </datafield>
  <datafield tag="902" ind1=" " ind2=" ">
    <subfield code="a">GFM</subfield>
  </datafield>
  <datafield tag="942" ind1=" " ind2=" ">
    <subfield code="2">lcc</subfield>
    <subfield code="c">B</subfield>
  </datafield>
  <datafield tag="999" ind1=" " ind2=" ">
    <subfield code="c">8022</subfield>
    <subfield code="d">8022</subfield>
  </datafield>
  <datafield tag="952" ind1=" " ind2=" ">
    <subfield code="0">0</subfield>
    <subfield code="1">0</subfield>
    <subfield code="4">0</subfield>
    <subfield code="7">0</subfield>
    <subfield code="a">BRCA</subfield>
    <subfield code="b">BRCA</subfield>
    <subfield code="d">2014-07-17</subfield>
    <subfield code="i">R91</subfield>
    <subfield code="l">0</subfield>
    <subfield code="o">HJ9 .O9 1954 (R91)</subfield>
    <subfield code="p">8978</subfield>
    <subfield code="r">2019-03-22 00:00:00</subfield>
    <subfield code="w">2019-03-22</subfield>
    <subfield code="y">B</subfield>
  </datafield>
</record>
